Loading...
Advanced experimental chemistry /
| Hovedforfatter: | |
|---|---|
| Format: | Printed Book |
| Sprog: | English |
| Udgivet: |
New Delhi :
S. Chand,
1974
|
| LEADER | 00534nam a22001577a 4500 | ||
|---|---|---|---|
| 003 | OSt | ||
| 005 | 20200624134451.0 | ||
| 008 | 150707b xxu||||| |||| 00| 0 eng d | ||
| 082 | |a 544 GUR/A.3 | ||
| 100 | |a Gurtu, J. N. | ||
| 245 | |a Advanced experimental chemistry / |c J. N. Gurtu, R. Kapoor | ||
| 260 | |a New Delhi : |b S. Chand, |c 1974 | ||
| 300 | |a 240p. | ||
| 942 | |2 ddc |c BK | ||
| 999 | |c 320467 |d 320467 | ||
| 952 | |0 0 |1 0 |2 ddc |4 0 |6 544_000000000000000_GUR_A_3 |7 0 |9 366859 |a CSC |b CSC |c ST1 |d 2015-07-07 |i 3146 |l 0 |o 544 GUR/A.3 |p CSC3146 |r 2015-07-07 |w 2015-07-07 |y BK | ||